| Tag |
First Indicator |
Second Indicator |
Subfields |
| LEADER |
00000cam a2200000 a 4500 |
| 001 |
in00000089664 |
| 005 |
20151008065452.0 |
| 008 |
820330s1980 enka b 00110 eng |
| 010 |
|
|
|a 81116283
|
| 015 |
|
|
|a GB***
|
| 020 |
|
|
|a 0719008131 :
|c 15.00
|
| 035 |
|
|
|a (OCoLC)07373223
|
| 035 |
|
|
|9 AAK6004AM
|
| 039 |
0 |
|
|a 2
|b 3
|c 3
|d 3
|e 3
|
| 040 |
|
|
|a DLC
|c DLC
|d TXA
|d UtOrBLW
|
| 043 |
|
|
|a e-uk---
|a e-uk-en
|
| 049 |
|
|
|a TXAM
|c [1673279]
|
| 050 |
0 |
0 |
|a PR721
|b .B66 1980
|
| 082 |
0 |
|
|a 822/.7/09
|2 19
|
| 100 |
1 |
|
|a Booth, Michael R.
|
| 245 |
1 |
0 |
|a Prefaces to English nineteenth-century theatre /
|c Michael Booth.
|
| 264 |
|
1 |
|a Manchester :
|b Manchester University Press ;
|c [1980]
|
| 264 |
|
2 |
|a Atlantic Highlands, N.J. :
|b Distributed by Humanities Press,
|
| 300 |
|
|
|a xii, 231 pages :
|b illustrations ;
|c 23 cm.
|
| 336 |
|
|
|a text
|b txt
|2 rdacontent
|
| 337 |
|
|
|a unmediated
|b n
|2 rdamedia
|
| 338 |
|
|
|a volume
|b nc
|2 rdacarrier
|
| 500 |
|
|
|a Includes index.
|
| 504 |
|
|
|a Bibliography: pages [213]-219.
|
| 650 |
|
0 |
|a English drama
|y 19th century
|x History and criticism.
|
| 650 |
|
0 |
|a Theater
|z England
|x History
|y 19th century.
|
| 999 |
|
|
|a MARS
|
| 999 |
f |
f |
|s 6e3367e5-e386-38ad-ac09-bf7947f50d4d
|i 4e07e939-0c63-3634-9863-ceb8f396f048
|t 0
|
| 952 |
f |
f |
|p normal
|a Texas A&M University
|b College Station
|c Sterling C. Evans Library
|d Evans: Library Stacks
|t 0
|e PR721 .B66 1980
|h Library of Congress classification
|i unmediated -- volume
|m A14806183227
|
| 998 |
f |
f |
|a PR721 .B66 1980
|t 0
|l Evans: Library Stacks
|